Tongkat gading sakti
| Main Author: | |
|---|---|
| Format: | Book |
| Published: |
Kuala Lumpur :
Buku Must Sdn.Bhd ,
2007
|
| Edition: | 1st ed |
| Subjects: |
MARC
| LEADER | 00000cam a2200000 7i4500 | ||
|---|---|---|---|
| 001 | 0000029487 | ||
| 005 | 20151222.0 | ||
| 008 | 100614 | ||
| 020 | |a 983847603x | ||
| 090 | 0 | 0 | |a JF |b MAL |
| 100 | 0 | |a Mas Johan | |
| 245 | 1 | 0 | |a Tongkat gading sakti |c Mas Johan |
| 250 | |a 1st ed | ||
| 260 | |a Kuala Lumpur : |b Buku Must Sdn.Bhd , |c 2007 | ||
| 500 | |a Children ages 7-9 years old (orange) | ||
| 650 | 0 | |a Junior fiction |x Malay | |
| 999 | |a 0001071974 |b Book |c Children Collection |e Perbadanan Perpustakaan Awam Johor | ||
| 999 | |a 0001071982 |b Book |c Children Collection |e Perbadanan Perpustakaan Awam Johor | ||